000 00294nam a2200097Ia 4500
008 220204s9999 xx 000 0 und d
082 _a017.41(036)(540)
_bDIR
245 0 _aDirectory of Indian publishers and distributors 1994
260 _aVaranasi
_bIndian Bibliographic Centre
_c1994
942 _cBK
999 _c40759
_d40759